| 000 | 01219nam a22003377a 4500 | ||
|---|---|---|---|
| 003 | CHAP | ||
| 005 | 20220329140846.0 | ||
| 008 | 971013s1987 r 00010 d | ||
| 010 | _a58792 | ||
| 011 | _a59764 | ||
| 035 | _a63924 | ||
| 040 | _cCHAP | ||
| 090 | _aFolleto 14595 | ||
| 100 | 0 | 0 |
_aCortés Ortega, David. _928381 |
| 245 | _aControl de la roña del manzano en Santiago, N. L. | ||
| 260 |
_aGeneral Terán, N. L. : _bINIFAP. Campo Experimental General Terán, _c1987 |
||
| 300 | _aHoja desplegable | ||
| 490 |
_aINIFAP. México. Campo Experimental General Terán. Desplegable para productores _v; 3 |
||
| 590 |
_aBATCH-UPD _b10 _c20130110 _lUCH01 _h0631 |
||
| 590 |
_aBATCH-UPD _b10 _c20130410 _lUCH01 _h0314 |
||
| 590 |
_aBATCH-UPD _b10 _c20130913 _lUCH01 _h2340 |
||
| 590 |
_aCONVERSION _b10 _c20130109 _lUCH01 _h1332 |
||
| 650 | 1 | 4 |
_aManzana _xEnfermedades. _970763 |
| 650 | 1 | 4 |
_aManzana _xNuevo León. _970791 |
| 650 | 1 | 4 |
_aVenturia inaequalis. _9118754 |
| 700 | 0 |
_aAlanís Morales, José L. _93334 |
|
| 830 | 0 |
_aINIFAP. México. Campo Experimental General Terán. Desplegable para productores _v; 3 _958756 |
|
| 901 | _aBK | ||
| 942 | _cFOLL | ||
| 949 |
_aFolleto 14595 _bBC _cFOLL _d-138361 _eTS1 _i63924 _si |
||
| 999 |
_c58792 _d58792 |
||